000 00565nam a2200181 i 4500
001 154406
003 ES-MaACL
005 20240229063322.0
008 010608s1899 xx |||| | spa d
040 _aCCPB | B
_bspa
_cCCPB | B
080 _a821.134.2(728.1)-31"19"
100 1 _aGómez Carrillo, Enrique,
_d1873-1927
_957861
245 1 0 _aBohemia sentimental /
_cpor Enrique Gómez Carrillo.
260 _a[S.l. :
_bs.n.],
_c1899.
300 _a328 p. ;
_c16 cm.
852 _aES-MaACL
_jF-1092
_z-- Enc. pasta española
999 _c154406
_d154406